000 01961nam a2200193Ia 4500
003 Ost
005 20260507075110.0
008 260507s9999||||xx |||||||||||||| ||und||
040 _cfsecg
041 _aara
082 _a330
100 _aمحمد كتكت، محمود
_eمؤلف
245 0 _aمبادئ التحليل الحقيقي /
_c محمود محمد كتكت
260 _aالرياض:
_bدار المريخ للنشر والتوزيع,
_c1997
300 _a475 صفحة؛
_c24 سم
520 _aالمقدمة-الفصل الأول: الأعداد الحقيقية: المجموعات الجزئية غير المحدودة-نظام الأعداد الحقيقية-خاصية الاكتمال للأعداد الحقيقية-إنشاء R من Q-الفصل الثاني: متتاليات ومتسلسلات الأعداد الحقيقية: نهاية المتتالية-المتتاليات المطردة ومتتاليات كوشي-المتتاليات الجزئية والنهاية الصغرى والنهاية الكبرى للمتتالية-المتسلسلات واختبارات التقارب-الفصل الثالث: النهاية والاتصال والاشتقاق للاقترانات: نهاية الاقتران-الاتصال الموضعي والاتصال المنتظم-المشتقة (التفاضل)-الاتصال في الفضاء المتري-الفصل الرابع: متتاليات ومتسلسلات الاقترانات: متتاليات ومتسلسلات الاقترانات-خصائص التقارب المنتظم واختباراته-متسلسلات القوى-تقريب الاقترانات المتصلة-الفصل الخامس: التكامل: تكامل ريمان –ستلتجز-شروط قابلية التكامل-إيجاد قيمة التكامل-تقارب المتتاليات التكاملية والتكاملات المعتلة.
653 _aتحليل حقيقي
942 _cكتاب
999 _c42878
_d42878